000 00633nam a2200229Ia 4500
003 OSt
005 20220923225947.0
006 a|||||r|||| 00| 0
007 ta
008 Pun
024 _a276,342
037 _cTextual
040 _aARTS
_cARTS
_bPun
041 _2Pun
_aPun
082 _aO153,2NPA1,HP, K8
100 _aਨਨਕਾਣਵੀ, ਪਾਂਧੀ
_9156369
245 0 _aਹੱਕੁ ਪਰਾਇਆ ਨਾਨਕਾ
260 _c1968
650 _aਪੰਜਾਬੀ ਸਾਹਿਤ
942 _hO153,2NPA1,HP, K8
_cTEXL
_2CC
999 _c381611
_d381611